Toledo : (Record no. 158003)
[ view plain ]
| 000 -LEADER | |
|---|---|
| campo de control de longitud fija | 01340nam a2200277 i 4500 |
| 001 - NÚMERO DE CONTROL | |
| campo de control | 158003 |
| 003 - IDENTIFICADOR DE NÚMERO DE CONTROL | |
| campo de control | ES-MaACL |
| 005 - FECHA Y HORA DE LA ÚLTIMA TRANSACCIÓN | |
| campo de control | 20250807122738.0 |
| 008 - DATOS DE LONGITUD FIJA--INFORMACIÓN GENERAL | |
| campo de control de longitud fija | 960320s1890 sp a |||| | spa d |
| 100 1# - ENTRADA PRINCIPAL--NOMBRE DE PERSONA | |
| Nombre de persona | Cedillo, Jerónimo López de Ayala y Álvarez de Toledo, |
| Títulos y otros términos asociados al nombre | Conde de, |
| Fechas asociadas al nombre | 1862-1934 |
| 9 (RLIN) | 37325 |
| 245 10 - MENCIÓN DEL TÍTULO | |
| Título | Toledo : |
| Resto del título | guía artístico-práctica / |
| Mención de responsabilidad, etc. | por el Vizconde de Palazuelos ; versión francesa de Mr. Charles Docteur ; dibujos a pluma de S. Azpiazu ; fotograbados de Laurent ; plano topogáfico. |
| 260 ## - PUBLICACIÓN, DISTRIBUCIÓN, ETC. | |
| Lugar de publicación, distribución, etc. | Toledo : |
| Nombre del editor, distribuidor, etc. | Imp., Librería. y Enc. de Menor Hermanos, |
| Fecha de publicación, distribución, etc. | 1890. |
| 300 ## - DESCRIPCIÓN FÍSICA | |
| Extensión | XX, 1195 p., 1 plano pleg. : |
| Otras características físicas | il. ; |
| Dimensiones | 19 cm. |
| 500 ## - NOTA GENERAL | |
| Nota general | Índices. |
| 530 ## - NOTA DISPONIBLE DE FORMULARIO FÍSICO ADICIONAL | |
| Nota de formato físico adicional disponible | Disponible en formato digital. |
| 546 ## - NOTA DE IDIOMA | |
| Nota de lengua/lenguaje | Texto paralelo en español y francés. |
| 597 ## - NOTA DE DESCRIPCIÓN FÍSICA | |
| NOTA DE DESCRIPCIÓN FÍSICA | Ejemplar falto de p. 1184-1195. |
| 651 #4 - PUNTO DE ACCESO ADICIONAL DE MATERIA--NOMBRE GEOGRÁFICO | |
| Nombre geográfico | Toledo- |
| Subdivisión de forma | Guías turísticas. |
| 9 (RLIN) | 9443 |
| 700 1# - ENTRADA AGREGADA--NOMBRE PERSONAL | |
| Nombre de persona | Docteur, Charles. |
| 9 (RLIN) | 126812 |
| 700 1# - ENTRADA AGREGADA--NOMBRE PERSONAL | |
| Nombre de persona | Azpiazu, S. |
| 9 (RLIN) | 125768 |
| 700 1# - ENTRADA AGREGADA--NOMBRE PERSONAL | |
| Nombre de persona | Laurent, J., |
| Fechas asociadas al nombre | 1816-1886 |
| 9 (RLIN) | 147296 |
| 852 ## - LOCALIZACIÓN | |
| Ubicación | ES-MaACL |
| Número de control de estantería | C-17 |
| Nota libre | - Enc. hol. |
| -- | - Dedicatoria autógrafa del autor |
| 856 ## - LOCALIZACIÓN Y ACCESO ELECTRÓNICOS | |
| Identificador Uniforme de Recursos | <a href="https://bvpb.mcu.es/es/consulta/registro.do?id=469548 ">https://bvpb.mcu.es/es/consulta/registro.do?id=469548 </a> |
| Nota pública | Biblioteca Virtual del Patrimonio Bibliográfico |
| 856 ## - LOCALIZACIÓN Y ACCESO ELECTRÓNICOS | |
| Identificador Uniforme de Recursos | <a href="https://descargasarchivo.toledo.es/viewer.vm?id=0000008000 ">https://descargasarchivo.toledo.es/viewer.vm?id=0000008000 </a> |
| Nota pública | Archivo Municipal de Toledo |
| Estatus retirado | Estado de pérdida | Estado de daño | No para préstamo | Colección | Biblioteca de origen | Biblioteca actual | Ubicación en estantería | Fecha de adquisición | Fuente de adquisición | Total de préstamos | Signatura topográfica completa | Código de barras | Visto por última vez | Precio de reemplazo | Tipo de ítem Koha |
|---|---|---|---|---|---|---|---|---|---|---|---|---|---|---|---|
| Colección digital | Biblioteca del Ateneo de Madrid | Biblioteca del Ateneo de Madrid | Sala Palomar | 17/01/2008 | C-17 | 1165363 | 23/02/2023 | 23/02/2023 | Libro impreso antiguo |
